Statistics for Countries and Capitals Reconstructed #2

Click here to take the quiz!

General Stats

  • This quiz has been taken 41 times
    (11 since last reset)
  • The average score is 15 of 20

Answer Stats

hintanswer% Correct
TOJAJapan - Tokyo
100%
VILILithuania - Vilnius
100%
WAUNUnited States - Washington
100%
MOURUruguay - Montevideo
100%
NICYCyprus - Nicosia
88%
SADODominican Republic - Santo Domingo
88%
SUFIFiji - Suva
88%
MAANMadagascar - Antananarivo
88%
LIPEPeru - Lima
88%
BUGIBurundi - Gitega
75%
GRATGreece - Athens
75%
JAKIJamaica - Kingston
75%
NEAMNetherlands - Amsterdam
75%
VILALaos - Vientiane
63%
MASKMacedonia - Skopje
63%
PANGPalau - Ngerulmud
63%
SARISaudi Arabia - Riyadh
63%
BACECentral African Republic - Bangui
50%
KANENepal - Kathmandu
50%
VISESeychelles - Victoria
38%

Score Distribution

Percentile by Number Answered

Percent of People with Each Score

Your Score History

You have not taken this quiz since the last reset